00509nam a22001812 4500001001100000005001700011008004100028020001700069040001500086100003200101245005200133250001300185260003300198300001900231650002800250650004600278852000300324000002131920151217152229.0120314s xx 000 0 eng d a8131733493 : aKABUcKABU1 aWatson, Tony J.@000018213610aOrganising and managing work /cTony J. Watson. a2nd ed. aNew Delhi :bPearson,c2010. axxvii, 497 p. 0aManagement.@0000083920 0aOrganizational effectiveness.@00001506121